[Event "Arber op 8th"]
[Site "Bodenmais"]
[Date "2019.08.01"]
[Round "6"]
[White "Danninger, Jannik"]
[Black "Palmi, Herbert"]
[Result "1-0"]
[WhiteElo "1842"]
[BlackElo "2056"]
[PlyCount "125"]
[EventDate "2019.07.27"]
[EventType "swiss"]
[EventRounds "9"]
[EventCountry "GER"]
[SourceTitle "CBM 191 Extra"]
[Source "ChessBase"]
[SourceDate "2019.09.30"]
[SourceVersion "1"]
[SourceVersionDate "2019.09.30"]
[SourceQuality "1"]

1. e4 c6 2. d4 d5 3. exd5 cxd5 4. Bd3 Nf6 5. Bf4 Nc6 6. c3 e6 7. Nd2 Bd6 8. Bxd6 Qxd6 9. Ngf3 Bd7 10. 0-0 0-0 11. Re1 Qf4 12. h3 Rae8 13. Ne5 Bc8 14. Re3 Nxe5 15. dxe5 Nd7 16. Qh5 g6 17. Qe2 a6 18. Nf3 Nc5 19. Nh2 Nxd3 20. Rxd3 f5 21. exf6 Qxf6 22. Ng4 Qg7 23. Qe5 Qxe5 24. Nxe5 Rf4 25. Re1 Ref8 26. Re2 b5 27. Nc6 Kf7 28. Nd4 Ke7 29. Rde3 R4f6 30. g4 g5 31. Re5 Kd6 32. Rxg5 Rg6 33. Rge5 Rff6 34. a3 Kc5 35. Kh2 a5 36. Nb3+ Kb6 37. Kg3 Bd7 38. h4 h6 39. Nd4 Kc5 40. Nb3+ Kb6 41. f3 b4 42. axb4 axb4 43. Nd4 Kc5 44. h5 Rg8 45. Nxe6+ Kc4 46. cxb4 d4 47. Nc5 Bc6 48. f4 Kxb4 49. Rd2 Kc4 50. b3+ Kc3 51. Rd3+ Kb4 52. Rxd4+ Kc3 53. Rc4+ Kd2 54. b4 Ra8 55. Nb3+ Kd3 56. Na5 Ba4 57. Rd5+ Ke3 58. Rcd4 Raf8 59. Nc4+ Ke2 60. Re5+ Kf1 61. Ne3+ Kg1 62. Nf5 Kf1 63. Rde4 1-0

[Event "Arber op 8th"]
[Site "Bodenmais"]
[Date "2019.07.31"]
[Round "5"]
[White "Palmi, Herbert"]
[Black "Hopman, Pieter"]
[Result "0-1"]
[WhiteElo "2056"]
[BlackElo "2347"]
[PlyCount "102"]
[EventDate "2019.07.27"]
[EventType "swiss"]
[EventRounds "9"]
[EventCountry "GER"]
[SourceTitle "CBM 191 Extra"]
[Source "ChessBase"]
[SourceDate "2019.09.30"]
[SourceVersion "1"]
[SourceVersionDate "2019.09.30"]
[SourceQuality "1"]

1. c4 e5 2. Nc3 Bb4 3. Qc2 Nf6 4. Nf3 Nc6 5. e3 0-0 6. a3 Bxc3 7. Qxc3 e4 8. Nd4 Ne5 9. Be2 d6 10. f4 Ng6 11. b3 c5 12. Nc2 Bg4 13. Bxg4 Nxg4 14. Bb2 Qh4+ 15. g3 Qh6 16. h4 Ne7 17. Rg1 Rfd8 18. Rg2 d5 19. 0-0-0 Nf5 20. cxd5 Rxd5 21. Qc4 Qe6 22. h5 Rad8 23. Qe2 Nfh6 24. Bc3 Rd3 25. Kb2 b5 26. Rf1 f5 27. Rb1 a5 28. b4 cxb4 29. axb4 a4 30. Nd4 Qd5 31. Rgg1 Nf7 32. Ka1 Nxe3 33. Qxe3 Rxe3 34. dxe3 Nh6 35. Rgd1 Rc8 36. Rbc1 Ng4 37. Bd2 Rc4 38. Rxc4 bxc4 39. Rc1 h6 40. Rc3 Nf6 41. Ra3 Nxh5 42. Rxa4 Nxg3 43. Ra5 Qd7 44. Bc3 Ne2 45. Ra8+ Kh7 46. Kb2 Qb7 47. Rd8 Nxd4 48. Rxd4 Qb5 49. Rd6 Qa4 50. Be5 Qb3+ 51. Ka1 c3 0-1

[Event "Niederbayern-ch"]
[Site "Ortenburg"]
[Date "2019.04.26"]
[Round "3"]
[White "Kronschnabl, Matthias"]
[Black "Palmi, Herbert"]
[Result "0-1"]
[WhiteElo "1820"]
[BlackElo "2037"]
[PlyCount "60"]
[EventDate "2019.04.25"]
[EventType "swiss"]
[EventRounds "7"]
[EventCountry "GER"]
[SourceTitle "EXT 2023"]
[Source "ChessBase"]
[SourceDate "2022.10.05"]
[SourceVersion "1"]
[SourceVersionDate "2022.10.05"]
[SourceQuality "1"]

1. d4 c5 2. Nf3 cxd4 3. Nxd4 Nc6 4. e4 Nf6 5. Nc3 e5 6. Ndb5 d6 7. Bg5 a6 8. Na3 Be7 9. Nc4 b5 10. Ne3 Be6 11. Bxf6 Bxf6 12. Ncd5 Bg5 13. Bd3 0-0 14. g4 Ra7 15. c3 Ne7 16. h4 Nxd5 17. exd5 Bxe3 18. dxe6 Bc5 19. Bf5 fxe6 20. Bxe6+ Kh8 21. f3 Qf6 22. Bd5 Qf4 23. Qe2 b4 24. Qe4 Qg3+ 25. Ke2 Qg2+ 26. Kd3 Qxb2 27. Rab1 Qxc3+ 28. Ke2 Rf4 29. Qd3 Qxd3+ 30. Kxd3 Rd4+ 0-1

[Event "Niederbayern-ch"]
[Site "Ortenburg"]
[Date "2019.04.25"]
[Round "2"]
[White "Palmi, Herbert"]
[Black "Mittermaier, Johann"]
[Result "1-0"]
[WhiteElo "2037"]
[BlackElo "1824"]
[PlyCount "63"]
[EventDate "2019.04.25"]
[EventType "swiss"]
[EventRounds "7"]
[EventCountry "GER"]
[SourceTitle "EXT 2023"]
[Source "ChessBase"]
[SourceDate "2022.10.05"]
[SourceVersion "1"]
[SourceVersionDate "2022.10.05"]
[SourceQuality "1"]

1. d4 d5 2. Nf3 e6 3. c4 c5 4. Nc3 Nc6 5. Bf4 Bd6 6. Bxd6 Qxd6 7. dxc5 Qxc5 8. cxd5 exd5 9. Qxd5 Qxd5 10. Nxd5 Rb8 11. e3 Nge7 12. Nc7+ Kf8 13. Nb5 Nf5 14. 0-0-0 Be6 15. b3 Ke7 16. e4 Nh6 17. h3 Rhd8 18. Be2 Ng8 19. Rxd8 Rxd8 20. Rd1 Rxd1+ 21. Kxd1 Nf6 22. Bd3 a6 23. Nbd4 Bd7 24. Ke2 h6 25. Ke3 Kd6 26. Nxc6 Kxc6 27. Bc4 Be6 28. Bxe6 fxe6 29. Kd4 Ne8 30. Ke5 Kd7 31. Nd4 Nc7 32. f4 1-0

[Event "Regionalliga Sued-Ost 1819"]
[Site "Bayern"]
[Date "2018.10.21"]
[Round "1.7"]
[White "Schmid, Franz"]
[Black "Palmi, Herbert"]
[Result "1-0"]
[WhiteElo "2173"]
[BlackElo "1987"]
[PlyCount "97"]
[EventDate "2018.10.21"]
[EventType "team-tourn"]
[EventRounds "9"]
[EventCountry "GER"]
[SourceTitle "EXT 2022"]
[Source "ChessBase"]
[SourceDate "2021.10.06"]
[SourceVersion "1"]
[SourceVersionDate "2021.10.06"]
[SourceQuality "1"]
[WhiteTeam "Passau II"]
[BlackTeam "Bayerwald Regen/Zwiesel"]
[WhiteTeamCountry "GER"]
[BlackTeamCountry "GER"]

1. e4 e6 2. d4 d5 3. exd5 exd5 4. Nf3 Bf5 5. c4 Nf6 6. Qb3 Qe7+ 7. Ne5 c5 8. cxd5 cxd4 9. f4 Bxb1 10. d6 Qxd6 11. Qxf7+ Kd8 12. Rxb1 Nbd7 13. Nf3 d3 14. Qc4 Qe7+ 15. Kd1 Rc8 16. Qxd3 Rc6 17. Bd2 Ng4 18. Qe2 Re6 19. Ne5 Ngxe5 20. fxe5 Rxe5 21. Qf3 Nf6 22. Bc3 Rd5+ 23. Kc2 Qe4+ 24. Bd3 Qxf3 25. gxf3 Bd6 26. Rbg1 Nh5 27. Be4 Rb5 28. a4 Rb4 29. Bxb4 Bxb4 30. Bxb7 g6 31. Rg4 a5 32. Rc4 Ke7 33. Rd1 Kf6 34. f4 Re8 35. Bf3 Ng7 36. Bg4 Re7 37. Rd8 Nf5 38. Rc6+ Kg7 39. Bxf5 gxf5 40. h4 Re2+ 41. Kb3 h5 42. Rd7+ Be7 43. Rcc7 Kf8 44. Rxe7 Rxe7 45. Rxe7 Kxe7 46. Kc4 Kd6 47. b4 axb4 48. a5 b3 49. Kxb3 1-0

[Event "Arber Seniors op 6th"]
[Site "Bayerisch Eisenstein"]
[Date "2018.08.04"]
[Round "8"]
[White "Thiel, Kuno"]
[Black "Palmi, Herbert"]
[Result "1-0"]
[WhiteElo "2157"]
[BlackElo "2048"]
[PlyCount "95"]
[EventDate "2018.07.28"]
[EventType "swiss"]
[EventRounds "9"]
[EventCountry "GER"]
[SourceTitle "CBM 185 Extra"]
[Source "ChessBase"]
[SourceDate "2018.07.29"]
[SourceVersion "1"]
[SourceVersionDate "2018.07.29"]
[SourceQuality "1"]

1. Nf3 Nf6 2. c4 c6 3. g3 d6 4. d4 Nbd7 5. Bg2 e5 6. Nc3 Be7 7. 0-0 Qc7 8. Qc2 Nf8 9. Rd1 Ng6 10. b3 Bd7 11. Bb2 h5 12. c5 dxc5 13. dxe5 Ng4 14. Ne4 Bf5 15. Nd6+ Bxd6 16. Qxf5 N4xe5 17. Ng5 Qe7 18. Ne4 Bc7 19. f4 Ng4 20. Bxg7 Rg8 21. Bb2 c4 22. bxc4 Qb4 23. Qd7+ Kf8 24. Bd4 Bb6 25. c5 Rd8 26. cxb6 Rxd7 27. Bc5+ Qxc5+ 28. Nxc5 Re7 29. bxa7 Kg7 30. Rdb1 b6 31. Rxb6 Rxa7 32. Rxc6 Ne7 33. Rb6 Nf5 34. Rb7 Ra5 35. Ne6+ Kg6 36. Ng5 Nd4 37. Be4+ f5 38. Bd3 Re8 39. e4 Ra3 40. exf5+ Nxf5 41. Rb3 Ra5 42. Rb6+ Nf6 43. Ne4 Rf8 44. a4 Kg7 45. Nxf6 Rxf6 46. Rxf6 Kxf6 47. Bxf5 Kxf5 48. Kf2 1-0

[Event "Arber Seniors op 6th"]
[Site "Bayerisch Eisenstein"]
[Date "2018.07.31"]
[Round "4"]
[White "Busch, Joerg"]
[Black "Palmi, Herbert"]
[Result "0-1"]
[WhiteElo "1862"]
[BlackElo "2048"]
[PlyCount "34"]
[EventDate "2018.07.28"]
[EventType "swiss"]
[EventRounds "9"]
[EventCountry "GER"]
[SourceTitle "CBM 185 Extra"]
[Source "ChessBase"]
[SourceDate "2018.07.29"]
[SourceVersion "1"]
[SourceVersionDate "2018.07.29"]
[SourceQuality "1"]

1. e4 d6 2. d4 c6 3. f4 Nf6 4. Bd3 e5 5. c3 Qe7 6. Qc2 exd4 7. cxd4 Nxe4 8. Ne2 d5 9. 0-0 f5 10. Nbc3 Nd7 11. g4 Ndf6 12. gxf5 Bxf5 13. b4 Qxb4 14. Rb1 Qe7 15. Na4 Qf7 16. Qb3 b5 17. Qc2 Rc8 0-1

[Event "Arber op 7th"]
[Site "Bodenmais"]
[Date "2018.07.28"]
[Round "1"]
[White "Palmi, Herbert"]
[Black "Kissel, Ralf"]
[Result "1/2-1/2"]
[WhiteElo "2048"]
[BlackElo "1639"]
[PlyCount "72"]
[EventDate "2018.07.28"]
[EventType "swiss"]
[EventRounds "9"]
[EventCountry "GER"]
[SourceTitle "CBM 185 Extra"]
[Source "ChessBase"]
[SourceDate "2018.07.29"]
[SourceVersion "1"]
[SourceVersionDate "2018.07.29"]
[SourceQuality "1"]

1. f4 d5 2. Nf3 c5 3. e3 Nc6 4. Bb5 a6 5. Bxc6+ bxc6 6. c4 Qc7 7. b3 Bg4 8. Bb2 Nf6 9. 0-0 e6 10. h3 Bxf3 11. Qxf3 Be7 12. Nc3 0-0 13. d3 Rfd8 14. e4 Rac8 15. e5 Nd7 16. Rae1 Re8 17. Qg4 Bf8 18. Re2 f6 19. exf6 Nxf6 20. Qf3 Bd6 21. Na4 Qf7 22. Be5 Qf8 23. Qe3 Nd7 24. Qd2 Bxe5 25. fxe5 Qe7 26. Qa5 Rf8 27. Rfe1 Qh4 28. Qxa6 Qd4+ 29. Kh1 Qxd3 30. Nb2 Qg6 31. cxd5 cxd5 32. Qd3 Qxd3 33. Nxd3 c4 34. bxc4 Rxc4 35. Kg1 Rd4 36. Nf2 Ra4 1/2-1/2

[Event "Regionalliga Sued-Ost 1718"]
[Site "Bayern"]
[Date "2018.04.15"]
[Round "9.7"]
[White "Palmi, Herbert"]
[Black "Bartl, Bruno"]
[Result "0-1"]
[WhiteElo "1962"]
[BlackElo "1954"]
[PlyCount "70"]
[EventDate "2017.10.22"]
[EventType "team-tourn"]
[EventRounds "9"]
[EventCountry "GER"]
[SourceTitle "EXT 2022"]
[Source "ChessBase"]
[SourceDate "2021.10.06"]
[SourceVersion "1"]
[SourceVersionDate "2021.10.06"]
[SourceQuality "1"]
[WhiteTeam "Bayerwald Regen/Zwiesel"]
[BlackTeam "Bruckmuehl SK"]
[WhiteTeamCountry "GER"]
[BlackTeamCountry "GER"]

1. e4 c6 2. d4 d5 3. exd5 cxd5 4. Bd3 Nc6 5. Ne2 Nf6 6. c3 Bg4 7. Qb3 Qd7 8. Bf4 e6 9. Nd2 Bd6 10. Bxd6 Qxd6 11. Qxb7 Rb8 12. Qa6 0-0 13. f3 Bh5 14. b4 Rb6 15. Qa4 Qc7 16. 0-0 Bg6 17. Bxg6 hxg6 18. Rfc1 Rfb8 19. a3 g5 20. Qc2 Ne7 21. Nb3 Nf5 22. Qd3 Nd6 23. Qe3 g4 24. fxg4 Nxg4 25. Qf4 Qc4 26. Qxg4 Qxb3 27. a4 Ne4 28. a5 Rc6 29. Rab1 Qc4 30. Rc2 Qd3 31. Qf4 Qxc2 32. Qxb8+ Kh7 33. Re1 Qd2 34. Kf1 Qe3 35. Qf4 Nd2# 0-1

[Event "Niederbayern-ch"]
[Site "Vilshofen"]
[Date "2018.04.07"]
[Round "6"]
[White "Palmi, Herbert"]
[Black "Bielmeier, Ludwig"]
[Result "0-1"]
[WhiteElo "2076"]
[BlackElo "2110"]
[PlyCount "142"]
[EventDate "2018.04.05"]
[EventType "swiss"]
[EventRounds "7"]
[EventCountry "GER"]
[SourceTitle "EXT 2023"]
[Source "ChessBase"]
[SourceDate "2022.10.05"]
[SourceVersion "1"]
[SourceVersionDate "2022.10.05"]
[SourceQuality "1"]

1. d4 Nf6 2. c4 d6 3. Nf3 c6 4. Nc3 Nbd7 5. Bf4 Qa5 6. Bd2 Qc7 7. e3 e5 8. Bd3 Be7 9. Rc1 0-0 10. b4 Re8 11. 0-0 Bf8 12. e4 exd4 13. Nxd4 g6 14. Nc2 a5 15. a3 Bg7 16. h3 axb4 17. axb4 b6 18. Re1 Bb7 19. Bf1 Rad8 20. Bf4 Ne5 21. Ne3 Nh5 22. Bh2 Bh6 23. Ra1 Ra8 24. Nf5 Bf8 25. Ne3 Rxa1 26. Qxa1 Ra8 27. Qb2 Bg7 28. Ra1 Re8 29. Qc1 Nf6 30. Ra2 Qb8 31. Be2 Qc8 32. Qd1 Qb8 33. Qc2 Qc8 34. Bg3 Qb8 35. Kh2 h5 36. f4 Ned7 37. Bf3 Nh7 38. Qd3 Nhf6 39. Rd2 Bf8 40. Nc2 Kh7 41. Bh4 Be7 42. g3 Bf8 43. g4 hxg4 44. hxg4 Bc8 45. g5 Ng8 46. Bg3 Be7 47. Nd4 Bb7 48. Bg4 Rd8 49. Rf2 Bf8 50. Qf3 Bg7 51. Nde2 Ne7 52. Rf1 Qc7 53. Bf2 Rh8 54. Bh3 Kg8 55. Qg4 Bc8 56. Bh4 Ne5 57. Qg3 Nxc4 58. Nd1 Nd2 59. Rg1 Nxe4 60. Qe1 Bxh3 61. Kxh3 Nf5 62. Rg4 Qc8 63. Kg2 Qa6 64. Bf2 Qd3 65. Ng3 Nexg3 66. Bxg3 Qd5+ 67. Kf2 Bd4+ 68. Ke2 Kg7 69. Qf1 Re8+ 70. Kd2 Qa2+ 71. Kc1 Re2 0-1

[Event "Regionalliga Sued-Ost 1718"]
[Site "Bayern"]
[Date "2017.11.12"]
[Round "2.6"]
[White "Kampert, Andreas"]
[Black "Palmi, Herbert"]
[Result "1/2-1/2"]
[WhiteElo "2044"]
[BlackElo "1962"]
[PlyCount "51"]
[EventDate "2017.10.22"]
[EventType "team-tourn"]
[EventRounds "9"]
[EventCountry "GER"]
[SourceTitle "EXT 2022"]
[Source "ChessBase"]
[SourceDate "2021.10.06"]
[SourceVersion "1"]
[SourceVersionDate "2021.10.06"]
[SourceQuality "1"]
[WhiteTeam "Ilmmuenster"]
[BlackTeam "Bayerwald Regen/Zwiesel"]
[WhiteTeamCountry "GER"]
[BlackTeamCountry "GER"]

1. e4 d6 2. f4 Nf6 3. Nc3 Bg4 4. Be2 Bxe2 5. Qxe2 Nc6 6. Nf3 e5 7. d3 Be7 8. 0-0 Qd7 9. Nd5 0-0-0 10. c4 h6 11. b4 exf4 12. b5 Ne5 13. Bxf4 Nxd5 14. exd5 Nxf3+ 15. Qxf3 Bf6 16. Rae1 Bc3 17. Re4 f5 18. Re6 g5 19. Bc1 f4 20. g3 fxg3 21. hxg3 Rde8 22. Qe4 Rxe6 23. dxe6 Qg7 24. Kg2 Re8 25. Be3 Qe7 26. Bxa7 1/2-1/2

[Event "Arber op 6th"]
[Site "Bodenmais"]
[Date "2017.08.06"]
[Round "9"]
[White "Mattes, Heinz"]
[Black "Palmi, Herbert"]
[Result "0-1"]
[WhiteElo "1913"]
[BlackElo "2098"]
[PlyCount "52"]
[EventDate "2017.07.29"]
[EventType "swiss"]
[EventRounds "9"]
[EventCountry "GER"]
[SourceTitle "EXT 2018"]
[Source "ChessBase"]
[SourceDate "2017.10.13"]
[SourceVersion "1"]
[SourceVersionDate "2017.10.13"]
[SourceQuality "1"]

1. d4 b5 2. Nf3 e6 3. e3 a6 4. Bd3 Bb7 5. Nbd2 c5 6. b3 Nf6 7. 0-0 d5 8. c4 b4 9. Bb2 Nbd7 10. Ne5 Be7 11. f4 Ne4 12. Nxe4 dxe4 13. Be2 0-0 14. Qd2 f6 15. Ng4 f5 16. Ne5 Nxe5 17. fxe5 cxd4 18. exd4 a5 19. Rad1 Bg5 20. Qc2 Be3+ 21. Kh1 Qh4 22. Bc1 Bf2 23. Rxf2 Qxf2 24. Bg5 h6 25. Rf1 Qxd4 26. Be7 Qxe5 0-1

[Event "Arber op 6th"]
[Site "Bodenmais"]
[Date "2017.08.05"]
[Round "8"]
[White "Palmi, Herbert"]
[Black "Schultes, Christoph"]
[Result "1-0"]
[WhiteElo "2098"]
[BlackElo "1991"]
[PlyCount "85"]
[EventDate "2017.07.29"]
[EventType "swiss"]
[EventRounds "9"]
[EventCountry "GER"]
[SourceTitle "EXT 2018"]
[Source "ChessBase"]
[SourceDate "2017.10.13"]
[SourceVersion "1"]
[SourceVersionDate "2017.10.13"]
[SourceQuality "1"]

1. d4 d5 2. Bf4 Nf6 3. Nf3 c5 4. c3 Nc6 5. dxc5 Qa5 6. b4 Qd8 7. Ne5 Nxe5 8. Bxe5 e6 9. e3 Be7 10. Bb5+ Bd7 11. Qa4 0-0 12. Bxf6 Bxb5 13. Qxb5 Bxf6 14. Qxb7 a5 15. b5 Rb8 16. Qa6 Ra8 17. Qb6 Qxb6 18. cxb6 a4 19. Kd2 a3 20. Kd3 Rfb8 21. Nd2 Rxb6 22. Rab1 Ra5 23. Rb3 Rbxb5 24. Rxb5 Rxb5 25. Rb1 Rxb1 26. Nxb1 Be7 27. c4 dxc4+ 28. Kxc4 Kf8 29. Kb3 Ke8 30. Nxa3 Kd7 31. Nb5 Kc6 32. Kc4 Kb6 33. Nd4 Ba3 34. Nf3 Bd6 35. Ng5 h6 36. Nxf7 Bxh2 37. Nd8 Bg1 38. Nxe6 Bxf2 39. Kd4 g5 40. Ke4 Kb5 41. g4 Kc4 42. Nd4 Kc3 43. Nf5 1-0

[Event "Arber op 6th"]
[Site "Bodenmais"]
[Date "2017.08.02"]
[Round "5"]
[White "Fuchs, Florian1111"]
[Black "Palmi, Herbert"]
[Result "0-1"]
[WhiteElo "1693"]
[BlackElo "2098"]
[PlyCount "142"]
[EventDate "2017.07.29"]
[EventType "swiss"]
[EventRounds "9"]
[EventCountry "GER"]
[SourceTitle "CBM 179 Extra"]
[Source "ChessBase"]
[SourceDate "2017.08.23"]
[SourceVersion "1"]
[SourceVersionDate "2017.08.23"]
[SourceQuality "1"]

1. e4 e6 2. d4 d5 3. Bd3 dxe4 4. Bxe4 Nf6 5. Bf3 c5 6. Ne2 cxd4 7. Qxd4 Nbd7 8. Ng3 Bc5 9. Qd1 Qb6 10. 0-0 Ne5 11. Be2 Bd7 12. Nd2 Rd8 13. Qe1 Bc6 14. Nc4 Nxc4 15. Bxc4 0-0 16. b3 Qc7 17. Bb2 b5 18. Bd3 Qb7 19. Qe5 Rd5 20. Qf4 Bd6 21. Qh4 Be5 22. Ne4 Rxd3 23. Nc5 Bxb2 24. Nxb7 Rd4 25. Qg5 Bxa1 26. Na5 Bd5 27. Rxa1 Rg4 28. Qe3 Rxg2+ 29. Kf1 Rxh2 30. Ke2 Ng4 31. Qxa7 Rxf2+ 32. Kd3 Ra8 33. Qb6 f5 34. Qxb5 Be4+ 35. Kc3 Rxc2+ 36. Kb4 Ne3 37. a4 g5 38. Qe5 Nd5+ 39. Ka3 Rxa5 40. Qxe6+ Kg7 41. Qd7+ Kg6 42. Qe8+ Kg7 43. Qd7+ Kh6 44. Qe6+ Kh5 45. Qf7+ Kg4 46. Rg1+ Kf4 47. Rf1+ Ke3 48. Qh5 f4 49. Re1+ Kd4 50. Rxe4+ Kxe4 51. Qxh7+ Kf3 52. Qxc2 Ne3 53. Qc3 Rf5 54. a5 g4 55. a6 Rf7 56. b4 g3 57. b5 g2 58. Qc1 Nf1 59. Qc3+ Kf2 60. Qd4+ Ne3 61. Qd2+ Kg3 62. Qe1+ Kh3 63. Ka4 Ng4 64. b6 f3 65. b7 f2 66. Qc3+ Kh4 67. Qh8+ Kg3 68. b8Q+ Rf4+ 69. Qd4 f1Q 70. Ka5 Qe1+ 71. Ka4 Qa1+ 0-1

[Event "Arber op 6th"]
[Site "Bodenmais"]
[Date "2017.07.30"]
[Round "2"]
[White "Palmi, Herbert"]
[Black "Ries, Berthold"]
[Result "0-1"]
[WhiteElo "2098"]
[BlackElo "1946"]
[PlyCount "84"]
[EventDate "2017.07.29"]
[EventType "swiss"]
[EventRounds "9"]
[EventCountry "GER"]
[SourceTitle "CBM 179 Extra"]
[Source "ChessBase"]
[SourceDate "2017.08.23"]
[SourceVersion "1"]
[SourceVersionDate "2017.08.23"]
[SourceQuality "1"]

1. e4 c5 2. Nf3 d6 3. c3 a6 4. d4 cxd4 5. cxd4 Nf6 6. Nc3 g6 7. Be2 Bg7 8. h3 0-0 9. 0-0 b5 10. b4 Bb7 11. Bd3 Nc6 12. Rb1 Rc8 13. Qb3 Nd7 14. Ne2 Nb6 15. Bb2 e6 16. Rbc1 d5 17. e5 Nc4 18. Bc3 Ra8 19. Bxc4 dxc4 20. Qc2 Ne7 21. Ng5 Bh6 22. Bd2 Nf5 23. Nf3 Bxf3 24. gxf3 Bxd2 25. Qxd2 Qh4 26. Kh2 Rfd8 27. f4 Rd5 28. Rcd1 Rad8 29. Qc3 Nxd4 30. Ng3 Qxf4 31. Kg2 Nf5 32. Rde1 Nxg3 33. fxg3 Qd2+ 34. Qxd2 Rxd2+ 35. Rf2 Rxf2+ 36. Kxf2 Rd2+ 37. Ke3 Rxa2 38. Kd4 Rg2 39. Re3 Rb2 40. Ra3 Rxb4 41. Rxa6 Rb3 42. Rb6 Rxg3 0-1

[Event "Niederbayern-ch"]
[Site "Vilshofen"]
[Date "2017.04.23"]
[Round "7"]
[White "Fuchs, Michael"]
[Black "Palmi, Herbert"]
[Result "1-0"]
[WhiteElo "2105"]
[BlackElo "2097"]
[PlyCount "75"]
[EventDate "2017.04.20"]
[EventType "swiss"]
[EventRounds "7"]
[EventCountry "GER"]
[SourceTitle "EXT 2023"]
[Source "ChessBase"]
[SourceDate "2022.10.05"]
[SourceVersion "1"]
[SourceVersionDate "2022.10.05"]
[SourceQuality "1"]

1. e4 d5 2. exd5 Qxd5 3. Nc3 Qa5 4. d4 c6 5. Nf3 Bg4 6. h3 Bh5 7. Bc4 Nf6 8. Bd2 Qc7 9. g4 Bg6 10. Ne5 e6 11. h4 Ne4 12. Nxg6 Nxc3 13. Bxc3 hxg6 14. Qf3 Nd7 15. 0-0-0 Nb6 16. Ba5 0-0-0 17. Bb3 Bd6 18. h5 gxh5 19. Rxh5 Rxh5 20. gxh5 Bf4+ 21. Kb1 Bh6 22. c4 c5 23. d5 exd5 24. cxd5 Rd6 25. Re1 Qd7 26. Qe4 Nxd5 27. Qe8+ Qxe8 28. Rxe8+ Kd7 29. Ba4+ Rc6 30. Rd8+ Ke6 31. Bxc6 bxc6 32. Ra8 Nf6 33. Rxa7 Nxh5 34. Bc3 Bf4 35. a4 f6 36. a5 Kd5 37. a6 c4 38. Rb7 1-0

[Event "Niederbayern-ch"]
[Site "Vilshofen"]
[Date "2017.04.22"]
[Round "6"]
[White "Palmi, Herbert"]
[Black "Huber, Florian"]
[Result "1-0"]
[WhiteElo "2097"]
[BlackElo "1814"]
[PlyCount "49"]
[EventDate "2017.04.20"]
[EventType "swiss"]
[EventRounds "7"]
[EventCountry "GER"]
[SourceTitle "EXT 2023"]
[Source "ChessBase"]
[SourceDate "2022.10.05"]
[SourceVersion "1"]
[SourceVersionDate "2022.10.05"]
[SourceQuality "1"]

1. b4 e5 2. Bb2 d6 3. e3 Nf6 4. c4 Be7 5. Nc3 0-0 6. Bd3 d5 7. a3 e4 8. Bc2 Bf5 9. cxd5 Nbd7 10. d3 exd3 11. Bxd3 Bxd3 12. Qxd3 Nb6 13. Rd1 Qd6 14. Nf3 Rad8 15. e4 Ng4 16. 0-0 f5 17. exf5 Qf4 18. h3 Nh6 19. Nd4 Rf6 20. Ne6 Rxe6 21. fxe6 Bd6 22. g3 Qf6 23. Na4 Qg5 24. Nxb6 axb6 25. Bc1 1-0

[Event "Niederbayern-ch"]
[Site "Vilshofen"]
[Date "2017.04.20"]
[Round "2"]
[White "Schubert, Josef"]
[Black "Palmi, Herbert"]
[Result "1/2-1/2"]
[WhiteElo "2013"]
[BlackElo "2097"]
[PlyCount "52"]
[EventDate "2017.04.20"]
[EventType "swiss"]
[EventRounds "7"]
[EventCountry "GER"]
[SourceTitle "EXT 2023"]
[Source "ChessBase"]
[SourceDate "2022.10.05"]
[SourceVersion "1"]
[SourceVersionDate "2022.10.05"]
[SourceQuality "1"]

1. d4 c6 2. Nf3 Nf6 3. g3 d6 4. Bg2 Nbd7 5. Bf4 Qc7 6. c4 e5 7. Bc1 Be7 8. Nc3 Nf8 9. 0-0 Ng6 10. Qc2 Bd7 11. b3 Qc8 12. Ba3 Bf5 13. e4 Bh3 14. dxe5 Bxg2 15. Kxg2 dxe5 16. Bxe7 Kxe7 17. h3 h5 18. Rad1 h4 19. Rh1 Qc7 20. Qc1 Qa5 21. Qd2 Qc7 22. Qe3 b6 23. Qc1 Rhd8 24. Qa3+ Ke8 25. Qc1 Rxd1 26. Rxd1 Rd8 1/2-1/2

[Event "Bayern-ch"]
[Site "Bad Griesbach"]
[Date "2016.08.27"]
[Round "9"]
[White "Palmi, Herbert"]
[Black "Oberhofer, Cedric"]
[Result "1/2-1/2"]
[WhiteElo "2081"]
[BlackElo "2091"]
[PlyCount "64"]
[EventDate "2016.08.21"]
[EventType "swiss"]
[EventRounds "9"]
[EventCountry "GER"]
[SourceTitle "EXT 2022"]
[Source "ChessBase"]
[SourceDate "2021.10.06"]
[SourceVersion "1"]
[SourceVersionDate "2021.10.06"]
[SourceQuality "1"]

1. c4 e5 2. Nc3 Nf6 3. g3 d5 4. cxd5 Nxd5 5. Bg2 Nb6 6. Nf3 Nc6 7. 0-0 Be7 8. d3 0-0 9. a3 Be6 10. b4 a5 11. b5 Nd4 12. Nxe5 Bf6 13. f4 Bxe5 14. fxe5 Nb3 15. Be3 Nxa1 16. Qxa1 Nd5 17. Bd2 c6 18. bxc6 bxc6 19. Ne4 Qb6+ 20. d4 Rfb8 21. Bf3 Qb2 22. Qxb2 Rxb2 23. Bc1 Rc2 24. Nc5 Bh3 25. Re1 Rb8 26. Be4 Ra2 27. Kf2 h6 28. Kf3 h5 29. Kf2 Bg4 30. Bd3 Nc3 31. Bc4 Rc2 32. Bd3 Ra2 1/2-1/2

[Event "Bayern-ch"]
[Site "Bad Griesbach"]
[Date "2016.08.23"]
[Round "4"]
[White "Michalek, Michal"]
[Black "Palmi, Herbert"]
[Result "1-0"]
[WhiteElo "2147"]
[BlackElo "2081"]
[PlyCount "97"]
[EventDate "2016.08.21"]
[EventType "swiss"]
[EventRounds "9"]
[EventCountry "GER"]
[SourceTitle "EXT 2022"]
[Source "ChessBase"]
[SourceDate "2021.10.06"]
[SourceVersion "1"]
[SourceVersionDate "2021.10.06"]
[SourceQuality "1"]

1. d4 Nf6 2. c4 d6 3. Nf3 Nbd7 4. Nc3 e5 5. e4 c6 6. g3 Be7 7. Bg2 Qc7 8. 0-0 Nf8 9. h3 Ng6 10. Be3 Bd7 11. Qd2 Qc8 12. Kh2 h5 13. Rh1 h4 14. g4 Bxg4 15. hxg4 h3 16. Bf1 Nxg4+ 17. Kg1 Nxe3 18. fxe3 Qg4+ 19. Kf2 h2 20. Bg2 Bh4+ 21. Kf1 exd4 22. Ne2 Bg3 23. Nxg3 Qxg3 24. Qf2 Qxf2+ 25. Kxf2 dxe3+ 26. Kxe3 Ne5 27. Nxe5 dxe5 28. Rad1 Ke7 29. Rd2 Rh4 30. Rhd1 Rah8 31. Rd7+ Kf6 32. Bh1 Rf4 33. Rxb7 Rh3+ 34. Ke2 Rg3 35. Rb3 Rg1 36. Rf3 c5 37. Rff1 Rgxf1 38. Rxf1 Kg5 39. Rf2 a5 40. Rxh2 g6 41. Bf3 f5 42. exf5 Rxc4 43. fxg6 Kxg6 44. Ke3 a4 45. a3 Rc1 46. Rc2 Re1+ 47. Be2 Rb1 48. Bd3+ Kf6 49. Rf2+ 1-0

[Event "Arber op 5th"]
[Site "Bodenmais"]
[Date "2016.08.02"]
[Round "4"]
[White "Meckel, Helmut"]
[Black "Palmi, Herbert"]
[Result "0-1"]
[WhiteElo "1750"]
[BlackElo "2081"]
[PlyCount "54"]
[EventDate "2016.07.30"]
[EventType "swiss"]
[EventRounds "9"]
[EventCountry "GER"]
[SourceTitle "CBM 173 Extra"]
[Source "ChessBase"]
[SourceDate "2016.08.29"]
[SourceVersion "1"]
[SourceVersionDate "2016.08.29"]
[SourceQuality "1"]

1. b4 Nf6 2. Bb2 c6 3. c4 e6 4. b5 d5 5. e3 Bd7 6. a4 dxc4 7. Bxc4 a6 8. Nc3 Qc7 9. Qb3 axb5 10. axb5 Rxa1+ 11. Bxa1 cxb5 12. Nxb5 Bxb5 13. Bxb5+ Nfd7 14. Nf3 Nc6 15. Ke2 Be7 16. Rc1 0-0 17. Qc4 Rc8 18. Bxc6 bxc6 19. d4 Qa7 20. Nd2 Nb6 21. Qd3 Nd5 22. Bc3 h6 23. g3 Qa3 24. Qc2 c5 25. Qb2 cxd4 26. Qb7 Nxc3+ 27. Rxc3 Qxc3 0-1